ბათუმის შოთა რუსთაველის სახელმწიფო უნივერსიტეტის ბიბლიოთეკა

Стратегический маркетинг в туризме. Теория и практика. (ბიბ.ჩანაწერი № 35070)

000 -LEADER
fixed length control field 00668nam a2200229Ia 4500
001 - CONTROL NUMBER
control field 911
003 - CONTROL NUMBER IDENTIFIER
control field GE_BSU
008 - FIXED-LENGTH DATA ELEMENTS--GENERAL INFORMATION
fixed length control field 181216s||||||||xx |||||||||||||| ||und||
020 ## - INTERNATIONAL STANDARD BOOK NUMBER
International Standard Book Number 5762101401
040 ## - CATALOGING SOURCE
Transcribing agency GE_BSU
080 ## - UNIVERSAL DECIMAL CLASSIFICATION NUMBER
Universal Decimal Classification number 338.48
100 ## - MAIN ENTRY--PERSONAL NAME
Personal name Запесоцкий, А.С.
245 ## - TITLE STATEMENT
Title Стратегический маркетинг в туризме. Теория и практика.
260 ## - PUBLICATION, DISTRIBUTION, ETC.
Place of publication, distribution, etc. СПБ
260 ## - PUBLICATION, DISTRIBUTION, ETC.
Name of publisher, distributor, etc. Гуманитарный ун-т
260 ## - PUBLICATION, DISTRIBUTION, ETC.
Date of publication, distribution, etc. 2003
300 ## - PHYSICAL DESCRIPTION
Extent 340 с.
653 ## - INDEX TERM--UNCONTROLLED
Uncontrolled term Стратегический маркетинг в туризме.
653 ## - INDEX TERM--UNCONTROLLED
Uncontrolled term მარკეტინგი
942 ## - ADDED ENTRY ELEMENTS (KOHA)
Koha item type წიგნი
ეგზემპლარები
Withdrawn status Lost status Damaged status Not for loan Date acquired Barcode Date last seen Price effective from Koha item type
        2018-12-17 1025 2018-12-17 2018-12-17 წიგნი